000 00582nam a2200181Ia 4500
005 20260704175958.0
008 260704s9999||||xx |||||||||||||| ||und||
020 _a9789381576038
_qpbk
082 _a823
_bNEE
100 _aNeelakantan, Anand
245 0 _aAjaya, epic of the Kaurava clan-Book I : Roll of the Dice
260 _aMumbai
_bPlatinum Press an imprint of Leadstart Publishing
_c2013
300 _a455p. ; 21cm.
653 _aDuryodhana (Hindu mythological character) Fiction
653 _aIndic fiction (English)
653 _aIndic fiction (English)
942 _cBK
999 _c57385
_d57385